000 00384nam a22001217a 4500
008 230609b xxu||||| |||| 00| 0 eng d
082 _a354.676
_bGok
110 _bGOK
245 _a2010/2011 Estimates of Development Expenditure of the GOK for the year ending 30th June 2011
_bVolume I (Votes D01-D20)
_cJune, 2010
260 _aKenya
_bGok
_cJune, 2010
300 _a551p
942 _2ddc
_cBK
999 _c912
_d912